Kyō no miyabi /
Saved in:
| Other Authors: | |
|---|---|
| Format: | Book |
| Language: | Japanese |
| Published: |
Tōkyō :
Kashiwa Shobō,
1981.
|
| Series: | Chōnin bunka hyakka ronshū ;
dai 7-kan. |
| Subjects: | |
| Tags: |
Add Tag
No Tags, Be the first to tag this record!
|
| LEADER | 01103nam a2200313 a 4500 | ||
|---|---|---|---|
| 001 | 007721847-7 | ||
| 005 | 20024617115958.0 | ||
| 008 | 900508s1981 ja a 000 0 jpn | ||
| 010 | |a 82804878 /AJ | ||
| 015 | |a Ja*** | ||
| 035 | 0 | |a ocm21493331 | |
| 040 | |a DLC |c CLU |d *YNH* |d CStRLIN | ||
| 043 | |a a-ja--- | ||
| 050 | 0 | |a DS897.K85 |b K89 1981 | |
| 245 | 0 | 0 | |6 880-01 |a Kyō no miyabi / |c Harada Tomohiko hen. |
| 260 | |6 880-02 |a Tōkyō : |b Kashiwa Shobō, |c 1981. | ||
| 300 | |a 11, 222 p. : |b ill. ; |c 22 cm. | ||
| 490 | 1 | |6 880-03 |a Chōnin bunka hyakka ronshū ; |v dai 7-kan | |
| 651 | 0 | |a Kyoto (Japan) |x Popular culture. | |
| 651 | 0 | |a Kyoto (Japan) |x Social life and customs |y 1600-1868. | |
| 700 | 1 | |6 880-04 |a Harada, Tomohiko, |d 1917-1983. | |
| 880 | 0 | 0 | |6 245-01 |a 京のみやび / |c 原田伴彥編. |
| 880 | |6 260-02 |a 東京 : |b 柏書房, |c 1981. | ||
| 880 | 1 | |6 490-03 |a 町人文化百科論集 ; |v 第7卷 | |
| 880 | 1 | |6 700-04 |a 原田伴彥, |d 1917- | |
| 830 | 0 | |6 880-53 |a Chōnin bunka hyakka ronshū ; |v dai 7-kan. | |
| 880 | 0 | |6 830-53 |a 町人文化百科論集 ; |v 第7卷. | |
| 988 | |a 20021214 | ||
| 906 | |0 DLC | ||


